| 000 | 00654cam a2200157Ka 4500 | ||
|---|---|---|---|
| 082 |
_a627.0212 _bHYD _cL- P- |
||
| 100 | 1 |
_aHigham, Thomas. _943956 |
|
| 245 | 1 | 0 |
_aHydraulic tables, for finding the mean velocity and discharge in open channels _baccording to the formulae of Bazin and Kutter / _ccalculated and compiled by T. Higham. |
| 260 |
_aLondon : _bE. & F.N. Spon ; _aNew York : _bSpon & Chamberlain, _c1898. |
||
| 300 |
_a1 online resource (x, 80 p.) : _bill. |
||
| 526 |
_a0 _b0 _c0 _d627_021200000000000_HYD |
||
| 650 | 0 | _aHydraulics | |
| 650 | 0 |
_aMCE _9379 |
|
| 856 | 4 | 0 | _uhttp://catalog.hathitrust.org/api/volumes/oclc/11498913.html |
| 942 |
_2ddc _cBK |
||
| 999 |
_c547820 _d547820 |
||